Statistics for Beatles Songs by First Lines

Click here to take the quiz!

General Stats

  • This quiz has been taken 54 times
  • The average score is 16 of 20

Answer Stats

HintAnswer% Correct
I read the news today, oh boyA Day in the Life
93%
Ah, look at all the lonely peopleElanor Rigby
93%
When I find myself in times of trouble, Mother Mary comes to meLet It Be
93%
Roll up roll up for the Mystery TourMagical Mystery Tour
93%
Something in the way she movesSomething
93%
Well, shake it up, baby, nowTwist and Shout
90%
In the town where I was born. Lived a man who sailed to seaYellow Submarine
90%
What would you do if I sang out of tune?With a Little Help From My Friends
88%
I am he as you are he as you are meI Am The Walrus
85%
Flew in from Miami Beach B.O.A.CBack in the U.S.S.R.
83%
Asked a girl what she wanted to beDrive My Car
83%
I once had a girl. Or should I say she once had meNorweigan Wood
83%
I look at you all. See the love there that's sleepingWhile My Guitar Gently Weeps
83%
Picture yourself in a boat on a riverLucy in the Sky With Diamonds
80%
It was 20 years ago todaySgt Peppers Lonely Hearts Club Band
78%
If you're listening to this songOnly a Northern Song
68%
I told you about Strawberry FieldsGlass Onion
66%
One, Two, Three, Four...Let me tell you how it will beTaxman
66%
Turn off your mind. Relax and float down streamTomorrow Never Knows
66%
One, two, three, four. No one I think is in my treeStrawberry Fields Forever
61%

Score Distribution

Percentile by Number Answered

Percent of People with Each Score

Your Score History

You have not taken this quiz